000 00248nam a2200109Ia 4500
008 190216s9999||||xx |||||||||||||| ||und||
100 _aMathews K
245 0 _aGranthavalokanam
260 _bCurrent Books
650 _aEssay Malayalam
942 _cBK
999 _c23772
_d23772